Spojenie poisťovní obmedzia

Bibliographic Details
Main Author: Kádasi, Gabriel (Author)
Format: Article
Language:Slovak
Subjects:

MARC

LEADER 00000nab a2200000 a 4500
001 vtls000792678
003 SK-MaSNL
005 20260302154441.0
008 180206c2002 xo 0 slo
015 |a SNBRB2002/04-14324 
035 |a CLN000144333 
040 |a SNKBUCL  |b slo  |c SNKBUCL  |e AACR2 
041 0 |a slo 
044 |a xo  |c SK 
080 |a 368.031/.032(437.6)  |2 UDC-MRF-SK2 
100 1 |a Kádasi, Gabriel  |4 aut  |9 845619 
245 1 0 |a Spojenie poisťovní obmedzia  |c Gabriel Kádasi 
610 7 |a Allianz (Slovensko)  |x Slovenská poisťovňa  |x zlúčenie  |2 snkbucl  |9 28847 
610 7 |a Slovenská poisťovňa  |x Allianz (Slovensko)  |2 snkbucl  |9 838632 
655 7 |a články z novín a časopisov  |2 snkbucl  |9 267496 
773 0 |x 1335-440X  |t Sme  |g Roč. 10, č. 85 (12.4.2002), s. 6 
850 |a Slovenská národná knižnica v Martine 
852 |a SNK  |b KIS3GCP 
958 |a RBX 
999 |c 1368521  |d 1370451